[Event "2011 SC Site Championship, Round 1 - Group G"]
[Site "SchemingMind.com"]
[Date "2011.04.07"]
[Round "-"]
[White "MARISCAL"]
[Black "Transcendent"]
[Result "1/2-1/2"]
[WhiteCountry "ESP"]
[BlackCountry "ENG"]
[WhiteElo "2186"]
[WhiteRD "93"]
[BlackElo "1868"]
[BlackRD "61"]
[GameID "280104"]

1. e4 c5 2. c3 d6 3. d4 Nf6 4. Bd3 g6 5. dxc5 dxc5 6. e5 Nh5 7. Nf3 Nc6 8. Qe2 Bg4 9. h3 Bxf3 10. Qxf3 a6
11. e6 fxe6 12. Bc2 Bg7 13. O-O Qc7 14. Nd2 Bh6 15. Nb3 Bxc1 16. Raxc1=
1/2-1/2

[Event "2011 SC Site Championship, Round 1 - Group G"]
[Site "SchemingMind.com"]
[Date "2011.04.11"]
[Round "-"]
[White "Transcendent"]
[Black "MARISCAL"]
[Result "1/2-1/2"]
[WhiteCountry "ENG"]
[BlackCountry "ESP"]
[WhiteElo "1868"]
[WhiteRD "61"]
[BlackElo "2186"]
[BlackRD "93"]
[GameID "280105"]

1. d4 e6 2. c4 f5 3. g3 Nf6 4. Bg2 d5 5. Nf3 c6 6. O-O Bd6 7. Nc3 O-O 8. Qc2 Ne4 9. Rb1 a5 10. a3 Qe7
11. c5= Bc7 12. b4 axb4 13. axb4 Nd7 14. b5=
1/2-1/2

[Event "2011 SC Site Championship, Round 1 - Group G"]
[Site "SchemingMind.com"]
[Date "2011.04.06"]
[Round "-"]
[White "Spottdrossel"]
[Black "MARISCAL"]
[Result "0-1"]
[WhiteCountry "GER"]
[BlackCountry "ESP"]
[WhiteElo "1900"]
[WhiteRD "80"]
[BlackElo "2223"]
[BlackRD "90"]
[GameID "280204"]

1. c4 e5 2. Nc3 Nf6 3. Nf3 Nc6 4. g3 Bb4 5. Nd5 e4 6. Nxb4 Nxb4 7. Nd4 O-O 8. Bg2 d5 9. cxd5 Qxd5 10. Nb3 Qh5
11. a3 Nd3+ 12. Kf1 Ng4 13. Qc2 Ngxf2 14. Nd4 Nxh1
0-1

[Event "2011 SC Site Championship, Round 1 - Group G"]
[Site "SchemingMind.com"]
[Date "2011.04.07"]
[Round "-"]
[White "Spottdrossel"]
[Black "Transcendent"]
[Result "1-0"]
[WhiteCountry "GER"]
[BlackCountry "ENG"]
[WhiteElo "1928"]
[WhiteRD "80"]
[BlackElo "1848"]
[BlackRD "61"]
[GameID "280205"]

1. c4 Nf6 2. d4 g6 3. g3 Bg7 4. Nf3 O-O 5. Bg2 d6 6. O-O Nc6 7. Nc3 a6 8. Qd3 e5 9. dxe5 Nxe5 10. Nxe5 dxe5
11. b3 c6 12. Qxd8 Rxd8 13. Bb2 Be6 14. Rad1 Ng4 15. Ne4 Nh6 16. Nc5 b5 17. Nxe6 fxe6 18. Bxc6 Rab8 19. Bd7 Kf7 20. c5 Nf5
21. c6
1-0

[Event "2011 SC Site Championship, Round 1 - Group G"]
[Site "SchemingMind.com"]
[Date "2011.04.06"]
[Round "-"]
[White "MARISCAL"]
[Black "Spottdrossel"]
[Result "1-0"]
[WhiteCountry "ESP"]
[BlackCountry "GER"]
[WhiteElo "2229"]
[WhiteRD "94"]
[BlackElo "1891"]
[BlackRD "78"]
[GameID "280206"]

1. e4 c5 2. c3 Nf6 3. e5 Nd5 4. d4 cxd4 5. Nf3 Nc6 6. Bc4 Nb6 7. Bb3 g6 8. cxd4 Bg7 9. O-O O-O 10. Na3 d6
11. exd6 Qxd6 12. Nb5 Qd7 13. Re1 a6 14. Nc3 Rd8 15. Bg5 Qc7 16. Qc1 Bxd4 17. Nxd4 Rxd4 18. Nb5 axb5 19. Rxe7 Qxe7 20. Bxe7 Nxe7
21. Qe3 Nf5 22. Qe8+ Kg7 23. Qxf7+ Kh6 24. Rd1 Re4 25. f3 Re2 26. Qf8+ Kh5 27. g4+ Kg5 28. h4+ Nxh4 29. Qd8+ Kf4 30. Qxh4 Nc4
31. g5+ Kxf3 32. Rd3+ Re3 33. Bd1#
1-0

[Event "2011 SC Site Championship, Round 1 - Group G"]
[Site "SchemingMind.com"]
[Date "2011.04.08"]
[Round "-"]
[White "Transcendent"]
[Black "Spottdrossel"]
[Result "1/2-1/2"]
[WhiteCountry "ENG"]
[BlackCountry "GER"]
[WhiteElo "1848"]
[WhiteRD "61"]
[BlackElo "1928"]
[BlackRD "80"]
[GameID "280207"]

1. d4 e6 2. e4 d5 3. Nc3 Bb4 4. Qg4 Nf6 5. Qxg7 Rg8 6. Qh6 Rg6 7. Qe3 c5 8. a3 Ba5 9. b4 cxb4 10. axb4 Bxb4
11. e5 Ne4 12. Ne2= Qc7 13. Bb2 a5 14. f3 Nxc3 15. Bxc3 Be7 16. Nf4 Rg8 17. Bd2 a4 18. c3 a3 19. Be2 Bd7 20. O-O Nc6
21. Nd3 Na5 22. Nb4=
1/2-1/2

[Event "2011 SC Site Championship, Round 1 - Group G"]
[Site "SchemingMind.com"]
[Date "2011.04.06"]
[Round "-"]
[White "Girkassa"]
[Black "MARISCAL"]
[Result "1-0"]
[WhiteCountry "NOR"]
[BlackCountry "ESP"]
[WhiteElo "2148"]
[WhiteRD "84"]
[BlackElo "2186"]
[BlackRD "93"]
[GameID "280208"]

1. Nf3 d5 2. d4 e6 3. c4 c6 4. e3 Bd6 5. Bd3 f5 6. O-O Nf6 7. b3 Qe7 8. Bb2 O-O 9. Qc1 b6 10. Ba3 c5
11. cxd5 exd5 12. Nc3 Na6 13. Nb5 Bb8 14. dxc5 bxc5 15. Nbd4 Ne4 16. Nc6 Qd6 17. Nxb8 Rxb8 18. Bb2 Nb4 19. Be2 Rb6 20. Rd1 Ba6
21. Bc4 f4 22. exf4 Bxc4 23. bxc4 d4 24. Ne5 Nxf2 25. Rxd4 cxd4 26. c5 Nfd3 27. Qc4+ Qe6 28. cxb6 Qxc4 29. Nxc4 Nxb2 30. Nxb2 axb6
31. g3
1-0

[Event "2011 SC Site Championship, Round 1 - Group G"]
[Site "SchemingMind.com"]
[Date "2011.04.06"]
[Round "-"]
[White "Girkassa"]
[Black "Spottdrossel"]
[Result "1-0"]
[WhiteCountry "NOR"]
[BlackCountry "GER"]
[WhiteElo "2109"]
[WhiteRD "84"]
[BlackElo "1891"]
[BlackRD "78"]
[GameID "280209"]

1. d4 c5 2. d5 g6 3. e4 d6 4. f4 Bg7 5. Bb5+ Bd7 6. a4 a6 7. Bd3 Nf6 8. Qe2 O-O 9. Nf3 Re8 10. O-O e6
11. dxe6 Bxe6 12. c4 Nc6 13. Nc3 Nb4 14. Be3 Ng4 15. Bd2 f5 16. Bb1 fxe4 17. Ng5 Bc8 18. Bxe4 h6 19. Qf3 Rb8 20. Bd5+ Kf8
21. Nh7+ Ke7 22. Rae1+
1-0

[Event "2011 SC Site Championship, Round 1 - Group G"]
[Site "SchemingMind.com"]
[Date "2011.04.07"]
[Round "-"]
[White "Girkassa"]
[Black "Transcendent"]
[Result "0-1"]
[WhiteCountry "NOR"]
[BlackCountry "ENG"]
[WhiteElo "2148"]
[WhiteRD "84"]
[BlackElo "1868"]
[BlackRD "61"]
[GameID "280210"]

1. d4 Nf6 2. c4 g6 3. Nc3 Bg7 4. e4 d6 5. Nf3 O-O 6. Be2 e5 7. O-O Nc6 8. d5 Ne7 9. b4 Nh5 10. Re1 f5
11. Ng5 Nf6 12. Bf3 c6 13. Bb2 h6 14. Ne6 Bxe6 15. dxe6 Qc7 16. c5 Rad8 17. cxd6 Rxd6 18. Qb3 Rfd8 19. exf5 gxf5 20. Rxe5 Ne4
21. Nxe4 Rd3 22. Qc4 Bxe5 23. Nf6+ Kg7 24. Nh5+ Kh7 25. Qc1 Qd6 26. Nf6+ Bxf6 27. Bxf6 Qxe6 28. Bc3 Nd5 29. Bd2 Rxf3 30. gxf3 Rg8+
31. Kf1 Qg6 32. Ke2 Re8+ 33. Kd3 f4+ 34. Kc4 b5+ 35. Kc5 Nb6 36. Qb1 Na4+ 37. Kd4 Rd8+
0-1

[Event "2011 SC Site Championship, Round 1 - Group G"]
[Site "SchemingMind.com"]
[Date "2011.04.06"]
[Round "-"]
[White "MARISCAL"]
[Black "Girkassa"]
[Result "1-0"]
[WhiteCountry "ESP"]
[BlackCountry "NOR"]
[WhiteElo "2256"]
[WhiteRD "94"]
[BlackElo "2123"]
[BlackRD "81"]
[GameID "280211"]

1. e4 e5 2. Nf3 Nc6 3. Bb5 a6 4. Bxc6 dxc6 5. O-O f6 6. d4 Bg4 7. dxe5 Qxd1 8. Rxd1 fxe5 9. Rd3 Bd6 10. Nbd2 b5
11. b3 Ne7 12. Bb2 Ng6 13. g3 O-O 14. Kg2 Rf6 15. Ng1 Raf8 16. f4 exf4 17. Bxf6 gxf6 18. Ngf3 f5 19. e5 Nxe5 20. Nxe5 Bxe5
21. Re1 Bd6 22. gxf4 Bxf4 23. Nf3 Bxf3+ 24. Kxf3 Bd6 25. c4 c5 26. Rd5 Kg7 27. b4 Bxh2 28. Re2
1-0

[Event "2011 SC Site Championship, Round 1 - Group G"]
[Site "SchemingMind.com"]
[Date "2011.04.06"]
[Round "-"]
[White "Spottdrossel"]
[Black "Girkassa"]
[Result "0-1"]
[WhiteCountry "GER"]
[BlackCountry "NOR"]
[WhiteElo "1887"]
[WhiteRD "80"]
[BlackElo "2123"]
[BlackRD "81"]
[GameID "280212"]

1. c4 Nf6 2. Nf3 c5 3. Nc3 e6 4. g3 b6 5. Bg2 Bb7 6. d4 cxd4 7. Qxd4 Be7 8. O-O d6 9. Bg5 a6 10. Bxf6 Bxf6
11. Qd3 Be7 12. Rfd1 Ra7 13. Nd4 Bxg2 14. Kxg2 Qc8 15. Rac1 O-O 16. e4 Nc6 17. b3 Rd8 18. Nd5 Rb7 19. Nxe7+ Rxe7 20. Rc2 Nb4
21. Qd2 Nxc2 22. Qxc2 Qb7 23. f3 g6 24. b4 Rc8 25. Qb3 Rec7 26. Rc1 b5 27. Rc2 Rxc4 28. Rd2 Qc7
0-1

[Event "2011 SC Site Championship, Round 1 - Group G"]
[Site "SchemingMind.com"]
[Date "2011.04.08"]
[Round "-"]
[White "Transcendent"]
[Black "Girkassa"]
[Result "0-1"]
[WhiteCountry "ENG"]
[BlackCountry "NOR"]
[WhiteElo "1848"]
[WhiteRD "61"]
[BlackElo "2150"]
[BlackRD "84"]
[GameID "280213"]

1. d4 Nf6 2. c4 c5 3. d5 b5 4. cxb5 a6 5. bxa6 g6 6. Nc3 Bxa6 7. g3 d6 8. Bg2 Bg7 9. Nf3 Nbd7 10. Rb1 Nb6
11. O-O Bc4 12. b3 Nbxd5 13. Bb2 Nxc3 14. Bxc3 Bb5
0-1

[Event "2011 SC Site Championship, Round 1 - Group G"]
[Site "SchemingMind.com"]
[Date "2011.04.06"]
[Round "-"]
[White "JPT"]
[Black "MARISCAL"]
[Result "0-1"]
[WhiteCountry "INT"]
[BlackCountry "ESP"]
[WhiteElo "1889"]
[WhiteRD "86"]
[BlackElo "2256"]
[BlackRD "94"]
[GameID "280222"]

1. e4 e6 2. Bb5 c6 3. Ba4 Qc7 4. Nc3 b5 5. Bb3 b4 6. Na4 d5 7. exd5 cxd5 8. d4 Nf6 9. Ne2 Bd6 10. h3 O-O
11. O-O Ba6 12. Re1 Nc6 13. c3 Ne4 14. f3 Bh2+ 15. Kf1 Qe7 16. Be3 Ng3+ 17. Kf2 Qh4 18. c4 Nf5+ 19. g3 Bxg3+ 20. Nxg3 Qxg3+
21. Ke2 Qh2+ 22. Kd3 dxc4+ 23. Bxc4 Ne5+
0-1

[Event "2011 SC Site Championship, Round 1 - Group G"]
[Site "SchemingMind.com"]
[Date "2011.04.06"]
[Round "-"]
[White "JPT"]
[Black "Girkassa"]
[Result "0-1"]
[WhiteCountry "INT"]
[BlackCountry "NOR"]
[WhiteElo "1889"]
[WhiteRD "86"]
[BlackElo "2123"]
[BlackRD "81"]
[GameID "280223"]

1. e4 e5 2. Bb5 c6 3. Ba4 Nf6 4. Nc3 b5 5. Bb3 b4 6. Na4 Nxe4 7. Nf3 d5 8. d3 Nf6 9. Nxe5 Bd6 10. d4 O-O
11. O-O Nbd7 12. Bf4 Bxe5 13. dxe5 Ne8 14. c3 bxc3 15. Nxc3 Nc7 16. Re1 Re8 17. Bg3 Nf8 18. f4 Bf5 19. Bf2 Qd7 20. h3 Ng6
21. g4 Nxf4 22. Qf3 Nce6 23. gxf5 Ng5 24. Qg4 h5 25. Qg3 Qxf5 26. Be3 h4
0-1

[Event "2011 SC Site Championship, Round 1 - Group G"]
[Site "SchemingMind.com"]
[Date "2011.04.06"]
[Round "-"]
[White "JPT"]
[Black "Spottdrossel"]
[Result "0-1"]
[WhiteCountry "INT"]
[BlackCountry "GER"]
[WhiteElo "1911"]
[WhiteRD "87"]
[BlackElo "1891"]
[BlackRD "78"]
[GameID "280224"]

1. e4 c5 2. h3 Nc6 3. Nf3 d6 4. Nc3 Nf6 5. Bc4 e6 6. d4 cxd4 7. Nxd4 Be7 8. Bb5 Bd7 9. Nxc6 bxc6 10. Be2 e5
11. b3 O-O 12. g4 Be6 13. g5 Nd7 14. h4 f5 15. gxf6 Nxf6 16. Bg5 Qa5 17. Qd2 h6 18. O-O-O hxg5 19. hxg5 Ng4 20. Bxg4 Bxg4
21. Rdg1 Bd7 22. g6 Rf3 23. Qe2 Qxc3 24. Kb1 d5 25. Rg3 Ba3
0-1

[Event "2011 SC Site Championship, Round 1 - Group G"]
[Site "SchemingMind.com"]
[Date "2011.04.07"]
[Round "-"]
[White "JPT"]
[Black "Transcendent"]
[Result "1/2-1/2"]
[WhiteCountry "INT"]
[BlackCountry "ENG"]
[WhiteElo "1897"]
[WhiteRD "85"]
[BlackElo "1848"]
[BlackRD "61"]
[GameID "280225"]

1. e4 c5 2. h3 g6 3. Nf3 Bg7 4. Bc4 Nc6 5. Nc3 d6 6. O-O Nf6 7. d3 O-O 8. Bg5 a6 9. Rb1 b5 10. Bd5 Bd7
11. Bb3 h6 12. Bd2 Qc8 13. Nd5 Nxd5 14. Bxd5 Rb8 15. Qc1 Be6 16. Bxh6 Bxd5 17. Bxg7 Kxg7 18. exd5 Nd8 19. Re1 e6= 20. dxe6 Nxe6
21. Ng5 Nxg5= 22. Qxg5 Re8 23. Re3 Qd7 24. Rbe1 Rxe3 25. Qxe3 Rb7 26. d4 Qf5 27. Qe4=
1/2-1/2

[Event "2011 SC Site Championship, Round 1 - Group G"]
[Site "SchemingMind.com"]
[Date "2011.04.06"]
[Round "-"]
[White "MARISCAL"]
[Black "JPT"]
[Result "1-0"]
[WhiteCountry "ESP"]
[BlackCountry "INT"]
[WhiteElo "2256"]
[WhiteRD "94"]
[BlackElo "1889"]
[BlackRD "86"]
[GameID "280226"]

1. e4 d5 2. exd5 Nf6 3. Bb5+ Bd7 4. Bc4 c6 5. dxc6 Nxc6 6. Nf3 e5 7. Ng5 Be6 8. Nxe6 fxe6 9. Bxe6 Bc5 10. O-O Ne4
11. Qh5+ g6 12. Qf3 Ng5 13. Qd5 Qxd5 14. Bxd5 Nd4 15. Nc3 Rb8 16. d3 h6 17. Bxg5 hxg5 18. Rae1 Bd6 19. Ne4 Bc7 20. c3 Nf5
21. Nxg5 Kf8 22. Ne6+
1-0

[Event "2011 SC Site Championship, Round 1 - Group G"]
[Site "SchemingMind.com"]
[Date "2011.04.06"]
[Round "-"]
[White "Girkassa"]
[Black "JPT"]
[Result "1-0"]
[WhiteCountry "NOR"]
[BlackCountry "INT"]
[WhiteElo "2123"]
[WhiteRD "81"]
[BlackElo "1889"]
[BlackRD "86"]
[GameID "280227"]

1. d4 Nf6 2. c4 g6 3. Nc3 Bg7 4. e4 d6 5. Nf3 O-O 6. Be2 e5 7. O-O Nbd7 8. Be3 c6 9. d5 cxd5 10. cxd5 b6
11. Nd2 Nc5 12. b4 Ncd7 13. a4 Bb7 14. Nc4 Ne8 15. a5 Rb8 16. Nb5 Ndf6 17. axb6 a6 18. Nc3 Nd7 19. b5 axb5 20. Nxb5 Nc5
21. f3 f5 22. Nbxd6 Nd7 23. Ra7 Nxd6 24. Nxd6 f4 25. Bf2 Nxb6 26. Nxb7 Qc7 27. d6
1-0

[Event "2011 SC Site Championship, Round 1 - Group G"]
[Site "SchemingMind.com"]
[Date "2011.04.06"]
[Round "-"]
[White "Spottdrossel"]
[Black "JPT"]
[Result "0-1"]
[WhiteCountry "GER"]
[BlackCountry "INT"]
[WhiteElo "1891"]
[WhiteRD "78"]
[BlackElo "1911"]
[BlackRD "87"]
[GameID "280228"]

1. c4 e5 2. g3 Nf6 3. Bg2 Bc5 4. Nc3 O-O 5. e3 d6 6. Nge2 Nc6 7. O-O Bd7 8. d4 Bb4 9. a3 Bxc3 10. Nxc3 Rb8
11. b4 exd4 12. exd4 Re8 13. Qd3 Qc8 14. Bg5 Bf5 15. Qd2 Ne4 16. Bxe4 Bxe4 17. Nxe4 Rxe4 18. Be3 Re8 19. b5 Ne7 20. Rfe1 Ng6
21. Qd3 Qg4 22. Ra2 Re7 23. Rae2 Rbe8 24. Kg2 Nh4+ 25. Kg1 Nf3+
0-1

[Event "2011 SC Site Championship, Round 1 - Group G"]
[Site "SchemingMind.com"]
[Date "2011.04.08"]
[Round "-"]
[White "Transcendent"]
[Black "JPT"]
[Result "0-1"]
[WhiteCountry "ENG"]
[BlackCountry "INT"]
[WhiteElo "1848"]
[WhiteRD "61"]
[BlackElo "1897"]
[BlackRD "85"]
[GameID "280229"]

1. d4 Nf6 2. c4 g6 3. g3 Bg7 4. Bg2 d5 5. cxd5 Nxd5 6. Nf3 O-O 7. O-O c6 8. e4 Nf6 9. Nc3 Bg4 10. h3 Bxf3
11. Bxf3 e6 12. Be3 Nbd7 13. Rc1 Nb6 14. b3 Qe7 15. Qd2 Rfd8 16. Rfd1 c5
0-1

[Event "2011 SC Site Championship, Round 1 - Group G"]
[Site "SchemingMind.com"]
[Date "2011.04.07"]
[Round "-"]
[White "bereolos"]
[Black "JPT"]
[Result "1-0"]
[WhiteCountry "USA"]
[BlackCountry "INT"]
[WhiteElo "2208"]
[WhiteRD "81"]
[BlackElo "1888"]
[BlackRD "89"]
[GameID "280267"]

1. d4 Nf6 2. c4 g6 3. Nc3 Bg7 4. Nf3 d5 5. cxd5 Nxd5 6. e4 Nxc3 7. bxc3 c5 8. Rb1 cxd4 9. cxd4 a6 10. Be3 b5
11. Qd2 Bb7 12. Bd3 e6 13. a4 O-O 14. axb5 axb5 15. Rxb5 Ra1+ 16. Rb1 Rxb1+ 17. Bxb1 Ba6 18. Bd3 Bxd3 19. Qxd3 Qa5+ 20. Ke2 Qa2+
21. Nd2 Nc6 22. Rc1 Nxd4+ 23. Bxd4 Rd8 24. Rc4 e5 25. Qb3 Qxb3 26. Nxb3 exd4 27. Kd3 Ra8 28. Nxd4 Ra3+ 29. Rc3 Ra2 30. Rc8+ Bf8
31. Nc2 Kg7 32. g4 Bd6 33. h3 Rb2 34. Rd8 Be7 35. Rd7 Bf6 36. f4 Rb3+ 37. Ke2 Rxh3 38. e5 Rh2+ 39. Kd3 Bh4 40. e6 Kf8
41. Rxf7+ Kg8 42. Ne3 Ra2 43. g5 Bf2 44. Ng4 Ra7 45. Nh6+
1-0

[Event "2011 SC Site Championship, Round 1 - Group G"]
[Site "SchemingMind.com"]
[Date "2011.04.07"]
[Round "-"]
[White "bereolos"]
[Black "MARISCAL"]
[Result "1/2-1/2"]
[WhiteCountry "USA"]
[BlackCountry "ESP"]
[WhiteElo "2204"]
[WhiteRD "78"]
[BlackElo "2186"]
[BlackRD "93"]
[GameID "280268"]

1. d4 e6 2. c4 f5 3. g3 Nf6 4. Bg2 c6 5. Nf3 d5 6. O-O Bd6 7. Nc3 O-O 8. Qc2 Ne4 9. Rb1 a5 10. a3 Qe7
11. b4 axb4 12. axb4 Bxb4 13. Nxe4 fxe4 14. Bg5 Qe8 15. Rxb4 exf3 16. Bxf3 b5 17. cxb5 cxb5 18. Rb3 Nc6 19. Qc5 Ra4 20. Be3 Rc4
21. Qb6 Rf7 22. Rxb5 Nxd4 23. Bxd4 Rb7 24. Qd6 Rxb5 25. Qe5 Qf8 26. Kg2 Rbb4 27. e3 h6 28. Ra1 Ra4=
1/2-1/2

[Event "2011 SC Site Championship, Round 1 - Group G"]
[Site "SchemingMind.com"]
[Date "2011.04.07"]
[Round "-"]
[White "bereolos"]
[Black "Girkassa"]
[Result "1/2-1/2"]
[WhiteCountry "USA"]
[BlackCountry "NOR"]
[WhiteElo "2204"]
[WhiteRD "78"]
[BlackElo "2148"]
[BlackRD "84"]
[GameID "280269"]

1. d4 Nf6 2. c4 c5 3. d5 b5 4. cxb5 a6 5. bxa6 Bxa6 6. Nc3 g6 7. e4 Bxf1 8. Kxf1 d6 9. Nf3 Bg7 10. g3 O-O
11. Kg2 Nbd7 12. Re1 Ra6 13. Qc2 Qa8 14. a4 Rb8 15. b3 Ne8 16. Bg5 Kf8 17. Nd2 Nc7 18. Nc4 Ne5 19. f4 Nxc4 20. bxc4 h6
21. Bh4 Rb4 22. Qd3 Rb3 23. Rec1 Rab6 24. a5 Ra6 25. g4 Rxa5 26. Rxa5 Qxa5 27. e5 g5 28. Be1 dxe5 29. d6 exd6 30. Qxd6+ Kg8
31. Qd8+ Kh7 32. Qd3+ Kg8 33. Qd8+ Kh7 34. Qd3+ Kg8 35. Qd8+
1/2-1/2

[Event "2011 SC Site Championship, Round 1 - Group G"]
[Site "SchemingMind.com"]
[Date "2011.04.07"]
[Round "-"]
[White "bereolos"]
[Black "Spottdrossel"]
[Result "1-0"]
[WhiteCountry "USA"]
[BlackCountry "GER"]
[WhiteElo "2208"]
[WhiteRD "81"]
[BlackElo "1866"]
[BlackRD "86"]
[GameID "280270"]

1. d4 Nf6 2. c4 c5 3. d5 b5 4. cxb5 a6 5. bxa6 g6 6. Nc3 Bxa6 7. e4 Bxf1 8. Kxf1 Bg7 9. e5 Ng8 10. Qe2 d6
11. f4 Nh6 12. Nf3 O-O 13. h4 Nf5 14. Qf2 Nd7 15. e6 fxe6 16. Ng5 Bd4 17. Qe1 exd5 18. h5 Bxc3 19. bxc3 e5 20. hxg6 hxg6
21. g4 Ng3+ 22. Qxg3 Qxg5 23. Qh2 Rxf4+ 24. Bxf4 Qxf4+ 25. Qxf4 exf4 26. a4 Ne5 27. a5 Nxg4 28. a6 g5 29. a7 Ne5 30. Kg2 Kf7
31. Rhb1 Nc6 32. Rb6 Rxa7 33. Rxa7+ Nxa7 34. Rb7+ Ke6 35. Rxa7 g4 36. Rg7 Kf5 37. Rd7 d4 38. cxd4 cxd4 39. Re7 d3 40. Re1 f3+
41. Kg3 d5 42. Re3 d2 43. Rd3
1-0

[Event "2011 SC Site Championship, Round 1 - Group G"]
[Site "SchemingMind.com"]
[Date "2011.04.07"]
[Round "-"]
[White "bereolos"]
[Black "Transcendent"]
[Result "1-0"]
[WhiteCountry "USA"]
[BlackCountry "ENG"]
[WhiteElo "2204"]
[WhiteRD "78"]
[BlackElo "1868"]
[BlackRD "61"]
[GameID "280271"]

1. d4 Nf6 2. c4 g6 3. Nc3 Bg7 4. e4 d6 5. f4 O-O 6. Nf3 c5 7. d5 e6 8. dxe6 Bxe6 9. Bd3 a6 10. f5 Bc8
11. O-O Nc6 12. Qe1 Nb4 13. Bb1 Re8 14. Qh4 Nh5 15. Qf2 Nf6 16. a3 Nc6 17. Bg5 h6 18. Bd2 g5= 19. h3 b5 20. Re1 bxc4
21. Ba2 Rb8 22. Rab1 Na5 23. Qf1 Bb7 24. Nxg5 hxg5 25. Bxg5 Qd7 26. Qf4 Re5 27. Re3 Nxe4 28. Nxe4 Rxf5 29. Qg4 Qe6 30. Nf6+ Qxf6
31. Bxf6 Rxf6 32. Rg3 Rg6 33. Qh4
1-0

[Event "2011 SC Site Championship, Round 1 - Group G"]
[Site "SchemingMind.com"]
[Date "2011.04.08"]
[Round "-"]
[White "JPT"]
[Black "bereolos"]
[Result "0-1"]
[WhiteCountry "INT"]
[BlackCountry "USA"]
[WhiteElo "1887"]
[WhiteRD "86"]
[BlackElo "2204"]
[BlackRD "78"]
[GameID "280272"]

1. e4 e5 2. Bb5 c6 3. Ba4 Nf6 4. Nc3 b5 5. Bb3 b4 6. Na4 Nxe4 7. Nf3 d5 8. d3 Nf6 9. Nxe5 Bd6 10. d4 Ba6
11. Qf3 Qc7 12. Bf4 Nbd7 13. O-O-O O-O 14. Nd3 Bxd3 15. Bxd6 Qxd6 16. Qxd3 Rfe8 17. f3 Re6 18. c3 Rae8 19. Bc2 Re3 20. Qf1 Nb6
21. Nxb6 axb6 22. cxb4 Qxb4 23. Qa6 Re2 24. a3 Qd6 25. g3 b5 26. Qa5 Qe6 27. Bd3 Re3 28. Qc3 g6 29. f4 Ne4 30. Qc2 f5
31. Rhf1 Nd6 32. b3 Qe7 33. Kb2 Nc4+ 34. Bxc4 bxc4 35. b4 Ra8
0-1

[Event "2011 SC Site Championship, Round 1 - Group G"]
[Site "SchemingMind.com"]
[Date "2011.04.07"]
[Round "-"]
[White "MARISCAL"]
[Black "bereolos"]
[Result "1/2-1/2"]
[WhiteCountry "ESP"]
[BlackCountry "USA"]
[WhiteElo "2186"]
[WhiteRD "93"]
[BlackElo "2204"]
[BlackRD "78"]
[GameID "280273"]

1. e4 e5 2. Nf3 Nc6 3. Bb5 a6 4. Bxc6 dxc6 5. O-O f6 6. d4 Bg4 7. dxe5 Qxd1 8. Rxd1 fxe5 9. Rd3 Bd6 10. Nbd2 b5
11. b3 Ne7 12. Bb2 Ng6 13. h3 Bc8 14. Re3 O-O 15. Ne1 c5 16. Nd3 Re8 17. a4 Bb7 18. axb5 axb5 19. Rxa8 Rxa8 20. c4 b4
21. g3 h6 22. Nf3 Re8 23. h4 h5 24. Ng5=
1/2-1/2

[Event "2011 SC Site Championship, Round 1 - Group G"]
[Site "SchemingMind.com"]
[Date "2011.04.08"]
[Round "-"]
[White "Girkassa"]
[Black "bereolos"]
[Result "1-0"]
[WhiteCountry "NOR"]
[BlackCountry "USA"]
[WhiteElo "2150"]
[WhiteRD "84"]
[BlackElo "2167"]
[BlackRD "83"]
[GameID "280274"]

1. Nf3 Nf6 2. c4 g6 3. Nc3 Bg7 4. e4 d6 5. d4 O-O 6. Be2 e5 7. O-O Na6 8. Be3 Ng4 9. Bg5 Qe8 10. c5 exd4
11. Nd5 Be6 12. c6 Bxd5 13. exd5 Nc5 14. h3 d3 15. Bxd3 Ne5 16. cxb7 Rb8 17. Be2 Nxf3+ 18. Bxf3 Rxb7 19. Re1 Qb8 20. Rb1 Rxb2
21. Rxb2 Qxb2 22. Re7 Qxa2 23. Rxc7 Rb8 24. Qe2 Rb1+ 25. Kh2 Be5+ 26. g3 Rb2 27. Bh6 f5 28. Rg7+ Kh8 29. Rf7
1-0

[Event "2011 SC Site Championship, Round 1 - Group G"]
[Site "SchemingMind.com"]
[Date "2011.04.07"]
[Round "-"]
[White "Spottdrossel"]
[Black "bereolos"]
[Result "0-1"]
[WhiteCountry "GER"]
[BlackCountry "USA"]
[WhiteElo "1866"]
[WhiteRD "86"]
[BlackElo "2208"]
[BlackRD "81"]
[GameID "280275"]

1. c4 g6 2. d4 Nf6 3. Nc3 Bg7 4. e4 d6 5. Be2 O-O 6. Bg5 Na6 7. f4 c6 8. Nf3 Nc7 9. Bh4 d5 10. cxd5 cxd5
11. e5 Ne4 12. O-O Bf5 13. Bd3 Nxc3 14. bxc3 Bxd3 15. Qxd3 Qd7 16. Rab1 b6 17. Rb2 Rac8 18. Rfb1 f5 19. a4 Ne6 20. Qd2 Rc4
21. a5 bxa5 22. Rb7 Rc7 23. Rxc7 Qxc7 24. Qa2 Nxf4 25. Bg3 Ne2+ 26. Qxe2 Qxc3 27. Qa6 g5 28. Qe6+ Kh8 29. Qxe7 g4 30. Rb7 Rg8
31. Bh4 Qc1+ 32. Ne1 h6 33. Rxa7 f4 34. Bf2 Qd2 35. Qf7 g3 36. hxg3 fxg3 37. Bxg3 Qxd4+ 38. Kh2 Qe4 39. Nf3 d4
0-1

[Event "2011 SC Site Championship, Round 1 - Group G"]
[Site "SchemingMind.com"]
[Date "2011.04.08"]
[Round "-"]
[White "Transcendent"]
[Black "bereolos"]
[Result "1/2-1/2"]
[WhiteCountry "ENG"]
[BlackCountry "USA"]
[WhiteElo "1854"]
[WhiteRD "60"]
[BlackElo "2208"]
[BlackRD "81"]
[GameID "280276"]

1. d4 Nf6 2. c4 c5 3. d5 e5 4. Nc3 d6 5. e4 Be7 6. Nf3 Nbd7 7. Be2 O-O 8. O-O Ne8 9. Ne1 g6 10. Be3 Ng7
11. Nd3 f5 12. f3 f4 13. Bf2 g5 14. a3 Rf6 15. b4 b6 16. Rb1 Rg6 17. Kh1 h5 18. Qa4= Nf6 19. bxc5 bxc5 20. Rb2 g4
21. Rfb1 g3 22. Bg1 Bd7 23. Qc2 gxh2 24. Bxh2 Nh7 25. Rb7 Bh4 26. Qd2= Bg3 27. Bxg3 fxg3 28. Qe3 Nf8 29. Kg1= Qh4 30. Kf1= Ne8
31. Bd1 Rf6 32. Ne1 Rf7 33. Ke2 Ng6 34. Kd2 Nf4 35. Ne2 Qh2 36. Bc2 h4 37. Ba4 Nf6 38. Nxf4 exf4 39. Qxf4 h3=
1/2-1/2